000 00668nam a2200241Ia 4500
003 OSt
005 20221005090237.0
006 a|||||r|||| 00| 0
007 ta
008 221004b |||||||| |||| 00| 0 eng d
024 _a108681
037 _cTextual
040 _aCRL
_cCRL
_beng
041 _2eng
_aeng
082 _aY11:45g, M7
100 _aQuay Herbert C. Ed.
_9615019
245 0 _aHandbook of Juvenile Delinquency ed. by Herbert C. Quay
260 _aNew York
_bJohn Wiley and Sons USA
_c1987
300 _axii,480p.
_ccm.
650 _aSOCIOLOGY
942 _hY11:45g, M7
_cTEXL
_2cc
999 _c995412
_d995412